000 00493nam a2200181Ia 4500
005 20250326123929.0
008 250326s9999 xx 000 0 und d
037 _aTextbook
040 _aFMSL
_beng
_cFMSL
041 _aeng
_2eng
084 _aSigma L1
_qFMSL
100 _aCalhoun D W
_9736411
245 0 _aSocial science in an age of change
_cCalhoun D W
260 _aNY
_bNY, Harper & Row
_c1971
300 _a529p
942 _cTB
_hSigma L1
999 _c1271526
_d1271526